JEE advanced physics : (Record no. 170005)

MARC details
000 -LEADER
fixed length control field 00637nam a22001817a 4500
005 - DATE AND TIME OF LATEST TRANSACTION
control field 20191210111953.0
010 ## - LCCN (DPL NO)
LC control number ENG-127042
020 ## - INTERNATIONAL STANDARD BOOK NUMBER
Terms of availability 725.00
International Standard Book Number 9789353940317
035 ## - SYSTEM CONTROL NUMBER
System control number EN-110574
037 ## - SOURCE OF ACQUISITION
Source of stock number/acquisition DBAD/PUB
082 ## - DEWEY DECIMAL CLASSIFICATION NUMBER
Classification number 530
Edition number 3rd
100 ## - MAIN ENTRY--PERSONAL NAME
Personal name Sardana, Rahul
245 ## - TITLE STATEMENT
Title JEE advanced physics :
Statement of responsibility, etc by Rahul Sardana
Remainder of title electrostatics and current electricity /
260 ## - PUBLICATION, DISTRIBUTION, ETC. (IMPRINT)
Place of publication, distribution, etc Noida
Name of publisher, distributor, etc Pearson India Education
Date of publication, distribution, etc 2020
270 ## - ADDRESS
Address 15th Floor, Tower-B, World Trade Tower, Plot No.1, Block-C, Sector 16
City Noida, Uttar Pradesh
Postal code 201301
Telephone number 044-66540100
300 ## - PHYSICAL DESCRIPTION
Extent Various paging
Dimensions 25cm(pbk)
942 ## - ADDED ENTRY ELEMENTS (KOHA)
Source of classification or shelving scheme Dewey Decimal Classification
Item type English Books
Classification part 530
Call number suffix SAR
Holdings
Withdrawn status Lost status Not for loan Collection code Home library Current library Date acquired Source of acquisition Cost, normal purchase price Full call number Barcode Copy number Cost, replacement price Koha item type
      Non-fiction Bawana Bawana 10/12/2019 DBAD/PUB 725.00 530 SAR EN-110574 1 725.00 English Books

© Delhi Public Library
Hit Counter
free hit counter